Normale Ansicht MARC-Ansicht ISBD

40.000 Euro für Projekte - Rosengarten auf Platz eins (Titelsatznr. 373475)

[ MARC ]
MARC-Details
000 -Satzkennung
Kontrollfeld mit fester Länge 00688nab a2200193 4500
001 - Kontrollnummer
Kontrollfeld 244442
003 - Kontrollnummer Identifier
Kontrollfeld OSt
005 - Datum und Zeit der letzten Transaktion
Kontrollfeld 20241121103300.0
007 - Feld mit fester Länge zur physischen Beschreibung - Allgemeine Information
Kontrollfeld mit fester Länge tu
008 - Feld mit fester Länge zur physischen Beschreibung - Allgemeine Angaben
Kontrollfeld mit fester Länge 200917s2020|||||||
040 ## - Katalogisierungsquelle
Original-Katalogisierungsstelle DE-2950
Übertragungsstelle DE-2950
245 00 - Titel
Titel 40.000 Euro für Projekte - Rosengarten auf Platz eins
Zusatz zum Titel Abstimmung. Frankfurt (Oder) hatte die Wahl: die Stadt stellt erneut Geld im Rahmen des Bürgerbudgets zur Verfügung. Fünf Vorschläge können realisiert werden/
Verfasserangabe etc. Jörg Kotterba
264 ## - Produktion, Veröffentlichung, Distribution, Herstellung und Urheberrechtsvermerk
Datum der Herstellung, der Veröffentlichung, des Vertriebs oder des Urheberschutzvermerks 2024
653 ## - Indexierungsterm - Nicht normiert
Nicht-normierter Term Frankfurt (Oder)
653 ## - Indexierungsterm - Nicht normiert
Nicht-normierter Term Bürgerbudget
653 ## - Indexierungsterm - Nicht normiert
Nicht-normierter Term Platzierungen
773 0# - Übergeordnete Einheit
Verknüpfungsangaben 35. Jahrgang (2024) Nr. 269 vom 18.11.2024, S. 11 mit Foto
Titel Märkische Oderzeitung
942 ## - Zusätzliche Felder (Koha)
Klassifikation oder Aufstellungssystematik Andere/Generische Klassifikation
Koha-Medientyp Aufsätze
Exemplare
Ausgeschieden Verloren Klassifikation oder Aufstellungssystematik Beschädigt Nicht entleihbar Heimatbibliothek Aufenthaltsbibliothek Aufstellungsort Erwerbungsdatum Anzahl Ausleihen Signatur Letzte Aktivität Preis gültig von Koha-Medientyp
    Andere/Generische Klassifikation     Stadtarchiv Frankfurt (Oder) | Archivbibliothek Stadtarchiv Frankfurt (Oder) | Archivbibliothek Magazin 21/11/2024   Z2 21/11/2024 21/11/2024 Aufsätze